NBA Players With 7+ Rings - Sudden Death - Statistics

General Stats
  • This quiz has been taken 1,161 times
  • The average score is 2 of 9
Answers on the Grid
Answers color-coded by a green-red scale on the quiz's grid according to % correct below.
Bill Russell
Bob Cousy
Derek Fisher
Don Nelson
Frank Ramsey
Jim Loscutoff
John Havlicek
K.C. Jones
Kareem Abdul-Jabaar
Kobe Bryant
Michael Copper
Michael Jordan
Robert Horry
Sam Jones
Scottie Pippen
Slater Martin
Steve Kerr
Tim Duncan
Tom Heinsohn
Tom Sanders
 
Answer Stats
Answer % Correct
Bill Russell
98%
Robert Horry
31%
John Havlicek
21%
K.C. Jones
15%
Sam Jones
13%
Tom Heinsohn
10%
Frank Ramsey
8%
Tom Sanders
7%
Jim Loscutoff
5%
No matching quizzes found
Score Distribution
Percent of People with Each Score
Percentile by Number Answered
Your Score History
You have not taken this quiz